000 03313nam0a2200361 4500
001 RU\NLR\BIBL_A\016336892
005 20230713095741.0
010 _a978-5-7310-5846-9
_9500
021 _aRU
_bКН-П-23-013453
_9КН-П-23-1328
035 _a(NLR Aleph) 016336892
035 _a(RuMoRGB)011627538
090 _a13078925
_c13078925
100 _a20230407d2022 k y0rusy50 ca
101 0 _arus
102 _aRU
105 _aa|||z|||100zy
181 0 _ai
_baxxe
182 0 _an
200 1 _aФормирование хозяйственных систем евразийского типа: динамика, противоречия, эффективность
_eсборник научных статей по итогам выполнения инициативной НИР
_e(регистрационный номер ИНИР в системе ЦИТИС 121042600253-4) и научно-исследовательской конференции профессорско-преподавательского состава и аспирантов факультета экономики и финансов СПбГЭУ, 19 апреля 2022 г.
_fМинистерство науки и высшего образования Российской Федерации, Федеральное государственное бюджетное образовательное учреждение высшего образования "Санкт-Петербургский государственный экономический университет", Кафедра общей экономической теории и истории экономической мысли
_gпод редакцией доктора экономических наук, профессора Т. А. Селищевой
203 _aТекст
_bвизуальный
_cнепосредственный
210 _aСанкт-Петербург
_cИзд-во Санкт-Петербургского государственного экономического университета
_d2022
215 _a216 с.
_cил., табл.
_d20
320 _aБиблиогр. в конце ст.
606 1 _aЭкономические системы
_jСъезды, совещания и т.п
_xТрансформация
_92129702
_3RU\NLR\AUTH\661285001
686 1 _aУ010.5я431
702 1 _aСелищева
_bТ. А.
_f1952-
_gТамара Алексеевна
_4340
711 0 2 _aСанкт-Петербургский государственный экономический университет
_bФакультет экономики и финансов
_bНаучно-исследовательская конференция профессорско-преподавательского состава и аспирантов
_f2022
_9844873
_3RU\NLR\AUTH\880589630
712 0 2 _4570
_aСанкт-Петербургский государственный экономический университет
_bКафедра общей экономической теории и истории экономической мысли
_9524445
_3RU\NLR\AUTH\880430043
942 _cBOOK
980 _aNB